[Event "Top20"]
[Site "?"]
[Date "2001.09.29"]
[Round "1"]
[White "Mujic, Saban"]
[Black "Dzaferi, Asip"]
[Result "0-1"]
[WhiteElo "1840"]
[BlackElo "2060"]
[PlyCount "92"]

1. d4 e6 2. c4 d5 3. e3 Nf6 4. Nc3 Be7 5. Nf3 a6 6. Bd3 dxc4 7. Bxc4 b5 8. Bd3
Bb7 9. O-O O-O 10. Ne1 Nc6 11. a3 Kh8 12. b4 e5 13. dxe5 Nxe5 14. Bb2 Bd6 15.
Qc2 Nxd3 16. Qxd3 Ng4 17. h3 Qh4 18. f4 Rad8 19. Qe2 Nh6 20. Nf3 Qe7 21. Rad1
c5 22. bxc5 Bxc5 23. Nd4 Bxa3 24. Bxa3 Qxa3 25. Nb1 Qe7 26. Nd2 Rxd4 27. Qf2
Rd3 28. Rfe1 Rfd8 29. Qe2 Qd6 30. e4 Qd4+ 31. Kh1 a5 32. Nf3 Qd6 33. e5 Bxf3
34. gxf3 Qd7 35. e6 fxe6 36. Rc1 e5 37. Qg2 Rd2 38. Qg3 exf4 39. Qh4 b4 40. Rg1
a4 41. Rce1 Qd4 42. Re7 Nf5 43. Rge1 Nxe7 44. Qxe7 Rd1 45. Kg2 Rxe1 46. Qxe1
Qd2+ 0-1

[Event "Top20"]
[Site "?"]
[Date "2001.09.29"]
[Round "1"]
[White "Deville, Olivier"]
[Black "Rea, Laurent"]
[Result "1-0"]
[WhiteElo "2045"]
[BlackElo "1840"]
[PlyCount "83"]

1. Nf3 d5 2. d4 Nf6 3. c4 c6 4. Qc2 e6 5. g3 Nbd7 6. Bg2 g6 7. O-O Bg7 8. Rd1
O-O 9. Nbd2 Re8 10. e4 dxe4 11. Nxe4 Nxe4 12. Qxe4 Nf6 13. Qh4 Qb6 14. b3 a5
15. Rb1 Qb4 16. a3 Qf8 17. b4 Ra6 18. Bd2 Nh5 19. a4 Rd8 20. b5 cxb5 21. Rxb5
b6 22. g4 Nf6 23. Bg5 Qe7 24. Ne5 Bd7 25. Nxd7 Rxd7 26. h3 h6 27. Bxh6 Qa3 28.
Bxg7 Kxg7 29. g5 Nh5 30. d5 e5 31. Qe4 Qe7 32. h4 f5 33. gxf6+ Qxf6 34. d6 Rxd6
35. Rxd6 Qxd6 36. Qb7+ Kh6 37. Qxa6 Qd1+ 38. Kh2 Qg4 39. Qa8 Qf4+ 40. Kg1 Qc1+
41. Bf1 Nf4 42. Qh8# 1-0

[Event "Top20"]
[Site "?"]
[Date "2001.09.29"]
[Round "1"]
[White "Cursoux, Gerard"]
[Black "Petit, Didier"]
[Result "1-0"]
[WhiteElo "2000"]
[BlackElo "1820"]
[PlyCount "69"]

1. e4 e6 2. d3 d5 3. Nd2 dxe4 4. dxe4 Bc5 5. Ngf3 Nf6 6. Bd3 Nc6 7. O-O a6 8.
a3 b5 9. Qe2 O-O 10. Nb3 Be7 11. e5 Nd5 12. Rd1 Bd7 13. Be4 Qc8 14. Ng5 f5 15.
Bxd5 exd5 16. e6 Be8 17. Rxd5 Nd8 18. Re5 Rf6 19. Nd4 Bg6 20. b4 c5 21. bxc5
Nc6 22. Nxc6 Qxc6 23. Bb2 Rff8 24. Nf3 Bxc5 25. e7 Rfe8 26. Nh4 Rac8 27. Re6
Qb7 28. Re1 Bxe7 29. Nxg6 hxg6 30. Qe5 Bf6 31. Rxe8+ Kh7 32. Qg3 Rxe8 33. Rxe8
g5 34. Bxf6 gxf6 35. Qh3+ 1-0

[Event "Top20"]
[Site "?"]
[Date "2001.10.07"]
[Round "1"]
[White "Poncet, Alain"]
[Black "Moreira, Philippe"]
[Result "1/2-1/2"]
[WhiteElo "1820"]
[BlackElo "2000"]
[PlyCount "69"]

1. e4 d5 2. exd5 Nf6 3. d4 Nxd5 4. c4 Nb6 5. Nf3 Bg4 6. Be2 e6 7. O-O Nc6 8. b3
Bxf3 9. Bxf3 Nxd4 10. Bxb7 Rb8 11. Bb2 c5 12. Bxd4 Rxb7 13. Bc3 Qxd1 14. Rxd1
f6 15. Nd2 Be7 16. Ne4 Rd7 17. Kf1 Kd8 18. Ba5 Kc7 19. Rxd7+ Kxd7 20. Rd1+ Kc6
21. f4 h6 22. Bc3 Nd7 23. Rd2 Re8 24. Kf2 g5 25. fxg5 hxg5 26. g4 f5 27. gxf5
exf5 28. Ng3 Rf8 29. Rd5 f4 30. Nf5 Bd8 31. b4 cxb4 32. Bxb4 Bb6+ 33. Kf3 Rh8
34. Ne7+ Kc7 35. Rxg5 1/2-1/2

[Event "Top20"]
[Site "?"]
[Date "2001.09.29"]
[Round "1"]
[White "Bellon, Yves"]
[Black "Dzaferi, Afit"]
[Result "1-0"]
[WhiteElo "1990"]
[BlackElo "1800"]
[PlyCount "76"]

1. c4 g6 2. d4 Bg7 3. e4 d6 4. Nc3 Nc6 5. d5 Ne5 6. f4 Ng4 7. Be2 N4h6 8. Nf3
e6 9. O-O Ne7 10. Be3 Ng4 11. Bd4 e5 12. fxe5 dxe5 13. Bc5 b6 14. Ng5 Nf6 15.
Be3 h6 16. Nf3 Ng4 17. Bd2 Qd6 18. Qe1 Qc5+ 19. Kh1 Ne3 20. Bxe3 Qxe3 21. Rd1
g5 22. Nb5 O-O 23. Nxc7 Rb8 24. Bd3 Qc5 25. Nb5 a6 26. b4 axb5 27. bxc5 bxc4
28. Bxc4 bxc5 29. Qa5 Bg4 30. Qxc5 Nc8 31. d6 Nb6 32. Bb3 Nd7 33. Qe3 Nb6 34.
Rc1 Rfd8 35. Rc7 Bh5 36. Nxg5 hxg5 37. Qxg5 Nd7 38. Qxh5 Nf6 1-0

[Event "Top20"]
[Site "?"]
[Date "2001.10.06"]
[Round "1"]
[White "Ollier, Michel"]
[Black "Graillon, David"]
[Result "0-1"]
[WhiteElo "1800"]
[BlackElo "1960"]
[PlyCount "54"]

1. e4 c5 2. Nf3 Nc6 3. d4 cxd4 4. Nxd4 e5 5. Nb5 d6 6. N1c3 a6 7. Na3 b5 8. Nd5
Nce7 9. Ne3 Nf6 10. Bd3 Ng6 11. g3 Bb7 12. Nd5 Nxd5 13. exd5 Be7 14. O-O O-O
15. c4 bxc4 16. Bxc4 f5 17. Bd2 f4 18. Qh5 Rc8 19. b3 Qd7 20. Nc2 Rf5 21. Qg4
e4 22. Nd4 Rcf8 23. Nxf5 Rxf5 24. Rae1 Ne5 25. Qe2 Nf3+ 26. Kg2 Rh5 27. Qxe4
Ng5 0-1

[Event "Top20"]
[Site "?"]
[Date "2001.09.29"]
[Round "1"]
[White "Boblin, Laurent"]
[Black "Massard, Christian"]
[Result "1/2-1/2"]
[WhiteElo "1910"]
[BlackElo "1790"]
[PlyCount "46"]

1. e4 d5 2. exd5 Qxd5 3. d4 Nc6 4. Nf3 Bg4 5. Be2 e6 6. O-O Nf6 7. Nc3 Qd7 8.
Ne5 Bxe2 9. Nxd7 Bxd1 10. Nxf6+ gxf6 11. Rxd1 O-O-O 12. Be3 a6 13. Ne4 Be7 14.
c4 Rd7 15. Nc3 Rhd8 16. d5 Nb4 17. a3 Nc2 18. Rac1 Nxe3 19. fxe3 f5 20. Kf2 Bf6
21. dxe6 fxe6 22. Kf3 Rd2 23. Rxd2 Rxd2 1/2-1/2

[Event "Top20"]
[Site "?"]
[Date "2001.09.29"]
[Round "1"]
[White "Valjan, Berislav"]
[Black "Testard, Philippe"]
[Result "1-0"]
[WhiteElo "1720"]
[BlackElo "1900"]
[PlyCount "119"]

1. d4 Nf6 2. c4 g6 3. Nc3 Bg7 4. Nf3 O-O 5. e4 d6 6. h3 Qe8 7. Bd3 e5 8. d5 a5
9. Be3 Na6 10. a3 Bd7 11. O-O Nh5 12. Qd2 Nc5 13. Bxc5 dxc5 14. Ne2 f5 15. Ng3
Nf4 16. Rfe1 Nxd3 17. Qxd3 f4 18. Nf1 Qe7 19. N1h2 h5 20. h4 Ra6 21. a4 Kh8 22.
Kh1 Bf6 23. g3 Bg7 24. b3 Bc8 25. Rad1 Rb6 26. Rc1 fxg3 27. fxg3 Bh6 28. Rc2
Bg7 29. Qe3 Bd7 30. Rf2 Ra6 31. Kg2 b6 32. Ref1 Raa8 33. Qg5 Qd6 34. Ne1 Kh7
35. Rf7 Rxf7 36. Rxf7 Rf8 37. Qe7 Rxf7 38. Qxf7 c6 39. Nhf3 cxd5 40. Qxd5 Qe7
41. Ng5+ Kh8 42. Nef3 Bf6 43. Nf7+ Kg7 44. N7g5 Bg4 45. Qc6 Bxf3+ 46. Nxf3 g5
47. hxg5 Bxg5 48. Qc8 Qd6 49. Qf5 Bf6 50. Qxh5 Qd3 51. Qg4+ Kf7 52. Qf5 Qe2+
53. Kh3 Qf1+ 54. Kg4 Qd1 55. Kh5 Qh1+ 56. Nh4 Qd1+ 57. g4 Qxb3 58. g5 Qxc4 59.
Qxf6+ Ke8 60. Qxe5+ 1-0

[Event "Top20"]
[Site "?"]
[Date "2001.10.06"]
[Round "1"]
[White "Garon, Pierre"]
[Black "Bruel, Bruno"]
[Result "1-0"]
[WhiteElo "1890"]
[BlackElo "1700"]
[PlyCount "67"]

1. c4 c6 2. Nc3 d5 3. e4 d4 4. Nce2 e5 5. d3 Nf6 6. g3 Bb4+ 7. Bd2 Bxd2+ 8.
Qxd2 Be6 9. Nf3 Nbd7 10. Bg2 O-O 11. O-O h6 12. h3 Nh7 13. Nh4 f5 14. Nxf5 Bxf5
15. exf5 Rxf5 16. f4 exf4 17. Rxf4 Rxf4 18. Nxf4 Ne5 19. Re1 Qd6 20. b4 Re8 21.
Rb1 Ng5 22. Kh1 Ngf3 23. Qf2 Ng5 24. b5 Rf8 25. Qe2 Ngf7 26. bxc6 bxc6 27. Qe4
Ng5 28. Qe2 Ngf7 29. Rb7 Ra8 30. Qf2 a5 31. Ne2 Rf8 32. Qxd4 Qxd4 33. Nxd4 Nxd3
34. Nxc6 1-0

[Event "Top20"]
[Site "?"]
[Date "2001.10.20"]
[Round "2"]
[White "Dzaferi, Asip"]
[Black "Bellon, Yves"]
[Result "1-0"]
[WhiteElo "2060"]
[BlackElo "1990"]
[PlyCount "93"]

1. e4 c5 2. d4 cxd4 3. Nf3 Nc6 4. c3 d3 5. Bxd3 d6 6. h3 Nf6 7. O-O g6 8. Re1
Bg7 9. Nbd2 O-O 10. Nf1 Qc7 11. Ng3 a6 12. Bc2 b5 13. Bg5 h6 14. Bf4 e5 15. Be3
Be6 16. Qd2 Kh7 17. Rac1 d5 18. exd5 Nxd5 19. Nh5 Nxe3 20. Qxe3 f6 21. Nh4 Ne7
22. f4 Nf5 23. Nxf5 Bxf5 24. Nxg7 Qxg7 25. Bxf5 gxf5 26. fxe5 fxe5 27. Qxe5 Qg6
28. Rcd1 Rf6 29. Rd7+ Kh8 30. Rd6 Raf8 31. Rxf6 Qxf6 32. Qf4 Kh7 33. Rd1 Qg5
34. Rd7+ Kg6 35. Qd6+ Rf6 36. Qe5 Kh5 37. Qe2+ Kh4 38. Rd3 f4 39. Rd5 Rf5 40.
Rd4 Qg3 41. Qe6 h5 42. Qe7+ Qg5 43. Rxf4+ Rxf4 44. g3+ Kxh3 45. Qxg5 Rg4 46.
Qxh5+ Kxg3 47. Kf1 1-0

[Event "Top20"]
[Site "?"]
[Date "2001.10.20"]
[Round "2"]
[White "Graillon, David"]
[Black "Deville, Olivier"]
[Result "1/2-1/2"]
[WhiteElo "1960"]
[BlackElo "2038"]
[PlyCount "64"]

1. d4 d5 2. Nf3 c6 3. Bf4 Qb6 4. Qc1 Bf5 5. Nbd2 Nf6 6. c4 e6 7. c5 Qd8 8. e3
a5 9. Be2 Be7 10. h3 h6 11. Ne5 Nfd7 12. O-O Bf6 13. Ndf3 Nxe5 14. Nxe5 Nd7 15.
Nxd7 Qxd7 16. Bd6 Be7 17. Bxe7 Qxe7 18. f4 g5 19. Bh5 Rg8 20. g4 gxf4 21. Rxf4
Qh4 22. Kh2 Bg6 23. Bxg6 Rxg6 24. Qe1 Qxe1 25. Rxe1 Ke7 26. Ref1 f6 27. h4 Rf8
28. e4 dxe4 29. Rxe4 Kd7 30. Ref4 Ke7 31. Re4 Kd7 32. Ref4 Ke7 1/2-1/2

[Event "Top20"]
[Site "?"]
[Date "2001.10.20"]
[Round "2"]
[White "Garon, Pierre"]
[Black "Cursoux, Gerard"]
[Result "1-0"]
[WhiteElo "1890"]
[BlackElo "2000"]
[PlyCount "62"]

1. c4 e5 2. Nc3 Nc6 3. g3 Bb4 4. Bg2 d6 5. d3 Bxc3+ 6. bxc3 Nge7 7. Rb1 O-O 8.
e3 Rb8 9. Ne2 Bg4 10. h3 Bh5 11. O-O f5 12. Rb2 Bf7 13. Qa4 Qc8 14. d4 e4 15.
Kh2 d5 16. cxd5 Nxd5 17. c4 Nb6 18. Qc2 Nxc4 19. Rb5 a6 20. Rc5 N6a5 21. d5 b5
22. Qc3 Nb7 23. Rxc4 b4 24. Qd4 Qd7 25. Nf4 a5 26. Bb2 Be8 27. Ne6 c5 28. Qe5
Bg6 29. Nxf8 Rxf8 30. Rd1 Rd8 31. Qf4 Nd6 1-0

[Event "Top20"]
[Site "?"]
[Date "2001.10.20"]
[Round "2"]
[White "Etlicher, Dominique"]
[Black "Valjan, Berislav"]
[Result "0-1"]
[WhiteElo "2010"]
[BlackElo "1720"]
[PlyCount "122"]

1. d4 d5 2. c4 e6 3. Nc3 Bb4 4. Nf3 Ne7 5. Qb3 Bxc3+ 6. Qxc3 h6 7. Bf4 Nbc6 8.
g4 Ng6 9. Bg3 f6 10. e3 b6 11. cxd5 Qxd5 12. Bg2 Nge7 13. Nh4 Qa5 14. Qxa5 bxa5
15. Bxc7 Kd7 16. Bg3 Ba6 17. Kd2 g5 18. Nf3 Rac8 19. a3 a4 20. Rac1 Na5 21. Rc3
Nd5 22. Bf1 Bxf1 23. Rxf1 Nb3+ 24. Kd3 Nxc3 25. bxc3 Rc6 26. Nd2 Rhc8 27. Ne4
Ke7 28. h4 f5 29. gxf5 exf5 30. Nc5 Nxc5+ 31. dxc5 Rxc5 32. Rc1 Rd5+ 33. Kc2
Rcd8 34. c4 Rd3 35. Rb1 a5 36. Rb7+ R8d7 37. Rb5 Rxa3 38. Rxf5 Rdd3 39. Rxa5
Rac3+ 40. Kb1 Rxc4 41. hxg5 hxg5 42. Rxg5 Rb3+ 43. Ka2 Rc2+ 44. Ka1 a3 45. Rh5
a2 46. Rh1 Rb5 47. Rd1 Rcb2 48. Rd3 Rc2 49. Rd1 Ke6 50. Bh4 Kf5 51. Bg3 Ke4 52.
Bf4 Rxf2 53. Rd4+ Kf3 54. Rd1 Rc2 55. Rh1 Ke2 56. e4 Rb4 57. Be5 Rxe4 58. Bg7
Rf4 59. Rh2+ Rf2 60. Rh1 Rf1+ 61. Rxf1 Kxf1 0-1

[Event "Top20"]
[Site "?"]
[Date "2001.10.13"]
[Round "2"]
[White "Moreira, Philippe"]
[Black "Boblin, Laurent"]
[Result "1-0"]
[WhiteElo "2000"]
[BlackElo "1910"]
[PlyCount "76"]

1. e4 c6 2. d4 d5 3. Nd2 dxe4 4. Nxe4 Nd7 5. Bc4 e6 6. Qe2 Ngf6 7. Ng5 Nb6 8.
Bb3 Bd6 9. N1f3 h6 10. Ne4 Nxe4 11. Qxe4 Nd5 12. Bd2 Nf6 13. Qe2 O-O 14. O-O-O
Qc7 15. g4 Bf4 16. g5 hxg5 17. Nxg5 Bxd2+ 18. Rxd2 Qf4 19. h4 b6 20. Kb1 Ba6
21. Qe1 Rfe8 22. Rg1 Nd5 23. h5 e5 24. h6 exd4 25. Qd1 g6 26. Rxd4 Qxf2 27. Ne4
Qh4 28. h7+ Kg7 29. Nd6 Qf2 30. Nxe8+ Rxe8 31. Rh1 Be2 32. Qd2 Qg2 33. Re1 Qf3
34. h8=Q+ Kxh8 35. Qh6+ Kg8 36. Rh4 Qf6 37. Qh7+ Kf8 38. Qh8+ Ke7 1-0

[Event "Top20"]
[Site "?"]
[Date "2001.10.20"]
[Round "2"]
[White "Massard, Christian"]
[Black "Vernay, Clovis"]
[Result "1/2-1/2"]
[WhiteElo "1790"]
[BlackElo "1840"]
[PlyCount "91"]

1. Nf3 d5 2. d4 Nf6 3. Bg5 Nbd7 4. e3 e6 5. c4 c6 6. Nbd2 Bd6 7. a3 Qc7 8. c5
Be7 9. Bf4 Qd8 10. Ne5 g5 11. Bxg5 Nxe5 12. dxe5 Nd7 13. Bxe7 Qxe7 14. b4 Nxe5
15. Nf3 Nxf3+ 16. Qxf3 e5 17. Be2 Rg8 18. g3 Bg4 19. Qg2 Bxe2 20. Kxe2 Qe6 21.
Rhd1 O-O-O 22. Rd2 d4 23. Rad1 Qc4+ 24. Ke1 f5 25. Qf3 Rgf8 26. Qh5 Rf7 27. Qh4
Qc3 28. Qh5 Rdd7 29. Kf1 Qc4+ 30. Qe2 Qxe2+ 31. Kxe2 dxe3 32. Rxd7 Rxd7 33.
Rxd7 Kxd7 34. fxe3 Ke6 35. Kd3 Kd5 36. h3 h5 37. h4 a6 38. a4 a5 39. bxa5 Kxc5
40. e4 fxe4+ 41. Kxe4 Kb4 42. g4 c5 43. gxh5 c4 44. h6 c3 45. h7 c2 46. h8=Q
1/2-1/2

[Event "Top20"]
[Site "?"]
[Date "2001.10.20"]
[Round "2"]
[White "Testard, Philippe"]
[Black "Poncet, Alain"]
[Result "1/2-1/2"]
[WhiteElo "1900"]
[BlackElo "1820"]
[PlyCount "46"]

1. d4 Nf6 2. c4 e6 3. Nc3 Bb4 4. e3 c5 5. Bd3 d5 6. Nf3 Nc6 7. a3 Bxc3+ 8. bxc3
O-O 9. O-O b6 10. Ne5 Qc7 11. f4 Bb7 12. cxd5 exd5 13. Qf3 Rad8 14. Bb2 Rfe8
15. Rac1 Ne4 16. c4 Nd2 17. Qh3 g6 18. Rf2 Nxe5 19. fxe5 dxc4 20. Bxc4 Nxc4 21.
Rxc4 Qc6 22. Qh6 Rxe5 23. Rcc2 Rh5 1/2-1/2

[Event "Top20"]
[Site "?"]
[Date "2001.10.20"]
[Round "2"]
[White "Dzaferi, Afit"]
[Black "Mujic, Saban"]
[Result "1-0"]
[WhiteElo "1800"]
[BlackElo "1840"]
[PlyCount "99"]

1. e4 c5 2. Bc4 d6 3. Nf3 Nf6 4. Nc3 a6 5. e5 dxe5 6. Nxe5 e6 7. a4 Qd4 8. Qe2
Bd6 9. Nf3 Qg4 10. d3 Nc6 11. Bg5 Nd4 12. Nxd4 cxd4 13. Bxf6 Qxe2+ 14. Nxe2 e5
15. Bh4 O-O 16. Ng3 Bb4+ 17. Ke2 Kh8 18. Ne4 f6 19. f3 Bd7 20. c3 dxc3 21. bxc3
Be7 22. Bf2 b5 23. axb5 axb5 24. Bb3 f5 25. Nc5 Bc6 26. Ne6 Rfc8 27. d4 Bf6 28.
Ra2 Rxa2+ 29. Bxa2 Ra8 30. Bb3 Ra3 31. Rb1 e4 32. d5 exf3+ 33. gxf3 Bd7 34. Bc5
Ra8 35. Kf2 Bxc3 36. Bd4 b4 37. Bxc3 bxc3 38. Rc1 Rc8 39. Ke3 Kg8 40. Kd4 Kf7
41. Nc5 Ke7 42. Nxd7 Kxd7 43. Rxc3 Rb8 44. Ba4+ Kd8 45. Ke5 g6 46. Ke6 f4 47.
d6 g5 48. Rc7 Rb1 49. Bc6 Re1+ 50. Be4 1-0

[Event "Top20"]
[Site "?"]
[Date "2001.10.20"]
[Round "2"]
[White "Petit, Didier"]
[Black "Bruel, Bruno"]
[Result "1/2-1/2"]
[WhiteElo "1820"]
[BlackElo "1700"]
[PlyCount "134"]

1. e4 c5 2. d4 cxd4 3. c3 dxc3 4. Nxc3 Nc6 5. Nf3 d6 6. Bc4 e6 7. O-O Be7 8.
Qe2 Qc7 9. Rd1 a6 10. Bf4 Nf6 11. Rac1 Qb8 12. e5 dxe5 13. Bxe5 Nxe5 14. Nxe5
O-O 15. Bb3 Bd6 16. Nf3 b5 17. Ne4 Nxe4 18. Qxe4 Bb7 19. Qg4 Bxf3 20. Qxf3
Bxh2+ 21. Kh1 Be5 22. Qe2 Bf6 23. Rd3 Qe5 24. Qf3 Rfc8 25. Rcd1 Qxb2 26. R1d2
Qe5 27. g3 Rc1+ 28. Kg2 Rac8 29. Rc2 R1xc2 30. Bxc2 Qc7 31. Rd2 Qc3 32. Qe2 g6
33. Be4 Qa5 34. f4 Qb6 35. Rd1 Rc3 36. Bd3 Kg7 37. g4 h6 38. f5 exf5 39. gxf5
Qc5 40. fxg6 Qg5+ 41. Kh1 fxg6 42. Qe4 Qh4+ 43. Qxh4 Bxh4 44. Be4 Rc7 45. Rd6
a5 46. Rxg6+ Kf7 47. Rxh6 Rc1+ 48. Kg2 Be1 49. Rh5 Ke6 50. Rxb5 Kd6 51. Kf3
Rc3+ 52. Ke2 Rc1 53. Rd5+ Kc7 54. Rh5 Bb4 55. Bd3 Re1+ 56. Kf3 Kd6 57. Kf2 Rc1
58. Ke3 Re1+ 59. Kd4 Rc1 60. Rh6+ Kc7 61. Rg6 Rd1 62. a4 Rd2 63. Kc4 Rd1 64.
Be4 Ra1 65. Rc6+ Kd7 66. Kb5 Re1 67. Bf5+ Ke7 1/2-1/2

[Event "Top20"]
[Site "?"]
[Date "2001.11.10"]
[Round "3"]
[White "Valjan, Berislav"]
[Black "Dzaferi, Asip"]
[Result "0-1"]
[WhiteElo "1720"]
[BlackElo "2060"]
[PlyCount "108"]

1. d4 e6 2. c4 d5 3. Nf3 Nf6 4. Bg5 Be7 5. Bxf6 Bxf6 6. e3 O-O 7. Nc3 dxc4 8.
Bxc4 a6 9. h3 b5 10. Bd3 Bb7 11. O-O Nd7 12. Rc1 c5 13. dxc5 Nxc5 14. Be2 Qb6
15. b4 Ne4 16. Nxe4 Bxe4 17. Qb3 Rac8 18. Rfd1 Qb7 19. Ne1 Bd5 20. Qb1 Bc3 21.
Bf3 Bxe1 22. Bxd5 Bxf2+ 23. Kxf2 exd5 24. Rxc8 Rxc8 25. Qf5 g6 26. Qe5 Rc2+ 27.
Ke1 Qc7 28. Qxc7 Rxc7 29. Rxd5 Rc2 30. Rd2 Rc4 31. Rb2 Kg7 32. Ke2 Kf6 33. Kd3
Ke5 34. a3 Rc6 35. Rf2 f5 36. Rf1 g5 37. g3 Rd6+ 38. Ke2 Ke4 39. Rc1 Rd3 40.
Rc7 Rxe3+ 41. Kf2 Rf3+ 42. Kg2 Rxa3 43. Re7+ Kd4 44. Rxh7 Ke5 45. h4 g4 46. h5
Ra2+ 47. Kg1 Kf6 48. h6 Kg6 49. Rh8 Rb2 50. Ra8 Kxh6 51. Rxa6+ Kg5 52. Rb6 Rxb4
53. Kg2 Rb2+ 54. Kg1 f4 0-1

[Event "Top20"]
[Site "?"]
[Date "2001.11.10"]
[Round "3"]
[White "Deville, Olivier"]
[Black "Garon, Pierre"]
[Result "1-0"]
[WhiteElo "2038"]
[BlackElo "1890"]
[PlyCount "57"]

1. d4 d5 2. Nf3 c6 3. c4 Nf6 4. Qc2 e6 5. g3 dxc4 6. Qxc4 b5 7. Qc2 Bb7 8. Bg2
Nbd7 9. O-O Be7 10. Nc3 a6 11. Rd1 Rc8 12. Ne5 Qb6 13. Bg5 c5 14. Bxb7 Qxb7 15.
Nxd7 Nxd7 16. Bxe7 Kxe7 17. Qd2 Rhd8 18. dxc5 Rxc5 19. Qd6+ Ke8 20. Qd4 Kf8 21.
Qh4 Rdc8 22. Qxh7 Nf6 23. Qh8+ Ke7 24. Qh4 b4 25. Na4 Rh5 26. Qd4 Qb5 27. Qd6+
Ke8 28. Nb6 Ne4 29. Nxc8 1-0

[Event "Top20"]
[Site "?"]
[Date "2001.11.10"]
[Round "3"]
[White "Graillon, David"]
[Black "Moreira, Philippe"]
[Result "1/2-1/2"]
[WhiteElo "1960"]
[BlackElo "2048"]
[PlyCount "28"]

1. d4 Nf6 2. Nf3 e6 3. c4 c5 4. g3 cxd4 5. Nxd4 a6 6. Bg2 Qc7 7. b3 Nc6 8. Bb2
Bb4+ 9. Nd2 Qa5 10. a3 Bxd2+ 11. Qxd2 Qxd2+ 12. Kxd2 O-O 13. Nxc6 dxc6 14. Bxf6
gxf6 1/2-1/2

[Event "Top20"]
[Site "?"]
[Date "2001.11.10"]
[Round "3"]
[White "Cursoux, Gerard"]
[Black "Poncet, Alain"]
[Result "1-0"]
[WhiteElo "2000"]
[BlackElo "1820"]
[PlyCount "35"]

1. b4 d5 2. e3 Bf5 3. Nf3 e6 4. Bb2 Nf6 5. b5 h6 6. Be2 Bd6 7. O-O Nbd7 8. d4
Ne4 9. c4 dxc4 10. Bxc4 Nb6 11. Be2 Nd5 12. Qb3 O-O 13. Na3 Ng5 14. Nc4 Nxf3+
15. Bxf3 Nb4 16. Nxd6 Qxd6 17. Ba3 Bc2 18. Qxb4 1-0

[Event "Top20"]
[Site "?"]
[Date "2001.11.10"]
[Round "3"]
[White "Bellon, Yves"]
[Black "Massard, Christian"]
[Result "1-0"]
[WhiteElo "1990"]
[BlackElo "1790"]
[PlyCount "51"]

1. c4 e5 2. Nc3 Nf6 3. Nf3 Nc6 4. e4 Bb4 5. d3 d6 6. a3 Bxc3+ 7. bxc3 h6 8. g3
Bd7 9. Rb1 Rb8 10. Bg2 Qc8 11. h3 b6 12. Nh4 Ne7 13. f4 g6 14. Qf3 Neg8 15.
fxe5 dxe5 16. g4 Qd8 17. Qg3 Be6 18. O-O Qd6 19. d4 exd4 20. e5 Qc5 21. cxd4
Ne4 22. Qe3 Qxc4 23. Bxe4 Ne7 24. Rb4 Qa2 25. Rf2 Qa1 26. Rb1 1-0

[Event "Top20"]
[Site "?"]
[Date "2001.11.10"]
[Round "3"]
[White "Rea, Laurent"]
[Black "Dzaferi, Afit"]
[Result "0-1"]
[WhiteElo "1840"]
[BlackElo "1800"]
[PlyCount "156"]

1. d4 d5 2. c4 e6 3. cxd5 exd5 4. Nc3 c5 5. e3 Nf6 6. Nf3 Nc6 7. Be2 cxd4 8.
Nxd4 Bc5 9. Nb3 Bb6 10. O-O a6 11. Bf3 Be6 12. Re1 Qd6 13. e4 d4 14. Nd5 Ba7
15. Qe2 Bb8 16. g3 Nd7 17. Bg2 Nde5 18. f4 Ng4 19. f5 Bxd5 20. Qxg4 Bxb3 21.
Qxg7 Qe5 22. Qxe5+ Nxe5 23. axb3 Ba7 24. Kf1 Rg8 25. Bf4 Nd3 26. Re2 Nxf4 27.
gxf4 Rd8 28. Rd1 h5 29. e5 h4 30. Bxb7 Rg4 31. Re4 d3 32. Ke1 d2+ 33. Ke2 Rg2+
34. Kf1 Rf2+ 35. Kg1 Rxf4+ 36. Kg2 Rf2+ 37. Kh1 Rd3 38. Rxh4 Re3 39. Rh8+ Ke7
40. f6+ Kd7 41. e6+ fxe6 42. Rh7+ Kd6 43. Rg7 Re1+ 44. Rg1 Rxg1+ 45. Kxg1 Rxf6+
46. Kg2 Rf2+ 47. Kg3 e5 48. h4 Be3 49. h5 Rf8 50. Bxa6 Rg8+ 51. Kf3 Bf4 52. Bc4
Rg3+ 53. Ke2 Rh3 54. Bf7 Kc5 55. Bg6 Rxb3 56. Bh7 Rxb2 57. Bg6 Kd4 58. Bf5 Rb3
59. Ra1 Re3+ 60. Kf1 Bg3 61. Kg2 Re1 62. Ra4+ Kc5 63. Bg4 Bf4 64. Kf2 d1=Q 65.
Bxd1 Rxd1 66. h6 Bxh6 67. Ra5+ Kd4 68. Ra4+ Kd5 69. Ke2 Rd2+ 70. Ke1 Rd4 71.
Ra2 e4 72. Ra5+ Kc4 73. Ra2 e3 74. Rh2 Bf4 75. Ra2 Kd3 76. Ra3+ Ke4 77. Ra2 Kf3
78. Ra3 Bg3+ 0-1

[Event "Top20"]
[Site "?"]
[Date "2001.11.10"]
[Round "3"]
[White "Vernay, Clovis"]
[Black "Petit, Didier"]
[Result "0-1"]
[WhiteElo "1840"]
[BlackElo "1820"]
[PlyCount "148"]

1. d4 Nf6 2. c4 e6 3. Nc3 c5 4. Nf3 cxd4 5. Nxd4 Nc6 6. Ndb5 d6 7. e4 a6 8. Nd4
Be7 9. Be3 Bd7 10. Be2 Nxd4 11. Qxd4 Bc6 12. f3 Qc7 13. O-O O-O 14. b4 Rfd8 15.
b5 Be8 16. Rab1 Nd7 17. Qd1 Nc5 18. Na4 Qa5 19. Nxc5 dxc5 20. Qc1 Qxa2 21. Rb2
Qa5 22. bxa6 bxa6 23. Qb1 Bf6 24. Ra2 Qc7 25. Rd1 a5 26. Qc1 a4 27. Qa3 Bd4 28.
Bxd4 cxd4 29. Rdd2 e5 30. Bd3 Rab8 31. Rdb2 Rxb2 32. Qxb2 Qc5 33. Ra1 Qa5 34.
Qa3 Qd2 35. h3 Qa5 36. Kh2 h6 37. Rb1 Rc8 38. Rb4 Qc5 39. Bc2 Ra8 40. Kg3 g6
41. h4 Qf8 42. c5 Qxc5 43. Bb3 Kg7 44. Bxa4 Bxa4 45. Qb2 Qc3 46. Qb1 d3 47. Rb7
Bc2 48. Rxf7+ Kxf7 49. Qb7+ Kf6 50. Qb6+ Ke7 51. Qb7+ Kd6 52. Qxa8 Qc7 53. Qd5+
Ke7 54. Qg8 Qd6 55. Qg7+ Kd8 56. Qg8+ Kc7 57. Qc4+ Kb6 58. Qc3 d2 59. Qb2+ Ka5
60. Qc3+ Qb4 61. Qc7+ Ka4 62. Qxc2+ Ka3 63. Qd3+ Kb2 64. Kg4 Qd4 65. Qb5+ Kc2
66. Qc6+ Kd3 67. Qa6+ Ke3 68. Qa2 d1=Q 69. Kg3 Qe1+ 70. Kh3 Qh1+ 71. Kg3 Qe1+
72. Kh3 Qed2 73. Qb3+ Kf2 74. Kh2 Qf4+ 0-1

[Event "Top20"]
[Site "?"]
[Date "2001.11.10"]
[Round "3"]
[White "Bruel, Bruno"]
[Black "Etlicher, Dominique"]
[Result "0-1"]
[WhiteElo "1700"]
[BlackElo "2010"]
[PlyCount "80"]

1. d4 Nf6 2. c4 e6 3. Nc3 Bb4 4. e3 b6 5. a3 Bxc3+ 6. bxc3 Bb7 7. Nf3 c5 8. Bd3
O-O 9. O-O Ne4 10. Qc2 f5 11. Nd2 Qh4 12. g3 Nxd2 13. Qxd2 Qh3 14. f3 Nc6 15.
Bb2 Na5 16. Qc2 Ba6 17. Qe2 Rf6 18. Rf2 Raf8 19. Raf1 Qh5 20. Rg2 d6 21. Rgf2
Qf7 22. Bc1 e5 23. e4 Bxc4 24. d5 Bxd3 25. Qxd3 fxe4 26. Qxe4 Qd7 27. c4 Qa4
28. Bg5 R6f7 29. f4 Qxc4 30. Qf3 e4 31. Qg4 Qxd5 32. f5 Nc4 33. f6 Ne5 34. fxg7
Nxg4 35. gxf8=Q+ Kxf8 36. Rxf7+ Qxf7 37. Rxf7+ Kxf7 38. Bf4 Ke6 39. h3 Ne5 40.
Kf2 Nd3+ 0-1

[Event "Top20"]
[Site "?"]
[Date "2001.11.10"]
[Round "3"]
[White "Boblin, Laurent"]
[Black "Testard, Philippe"]
[Result "1/2-1/2"]
[WhiteElo "1910"]
[BlackElo "1900"]
[PlyCount "53"]

1. e4 e5 2. Nf3 d6 3. d4 Nf6 4. Nc3 Nbd7 5. Bc4 Be7 6. O-O O-O 7. h3 c6 8. a4
b6 9. Qe2 h6 10. Rd1 Qc7 11. dxe5 dxe5 12. Be3 Re8 13. Nh4 Nf8 14. Nf5 Be6 15.
Bxe6 Nxe6 16. Qc4 Bf8 17. Rd2 Rad8 18. Rad1 Rxd2 19. Rxd2 Kh7 20. b4 g6 21. Ng3
a5 22. b5 Rc8 23. bxc6 Qxc6 24. Qxc6 Rxc6 25. Nd5 Nd7 26. Ne7 Rc7 27. Nd5
1/2-1/2

[Event "Top20"]
[Site "?"]
[Date "2001.11.10"]
[Round "3"]
[White "Mujic, Saban"]
[Black "Ollier, Michel"]
[Result "0-1"]
[WhiteElo "1840"]
[BlackElo "1800"]
[PlyCount "104"]

1. d4 Nf6 2. c4 e6 3. Nc3 Bb4 4. Qc2 O-O 5. Nf3 c5 6. e3 d5 7. Bd3 dxc4 8. Bxc4
a6 9. O-O b5 10. Be2 Bb7 11. dxc5 Nbd7 12. Rd1 Qc7 13. a3 Bxc5 14. b4 Bd6 15.
Qd3 Bxf3 16. Qxd6 Qxc3 17. Bd2 Qc6 18. Qxc6 Bxc6 19. Rac1 Rac8 20. Bc3 Bd5 21.
f3 Bc4 22. Bxc4 Rxc4 23. Bb2 Rfc8 24. Rxc4 bxc4 25. Rc1 Nd5 26. Kf2 N5b6 27.
Ke2 Na4 28. Bc3 Nxc3+ 29. Rxc3 Nb6 30. e4 e5 31. g3 Kf8 32. f4 Ke7 33. Ke3 f6
34. h4 Kd6 35. h5 f5 36. Rc2 exf4+ 37. Kxf4 fxe4 38. Kxe4 Re8+ 39. Kd4 Re5 40.
a4 Rd5+ 41. Ke4 a5 42. bxa5 Rxa5 43. Rb2 Nxa4 44. Rd2+ Ke6 45. g4 c3 46. Rc2
Rd5 47. Ra2 Nc5+ 48. Ke3 Rd3+ 49. Kf4 Rd2 50. Ra3 c2 51. Rc3 Kd5 52. Ke3 Rd3+
0-1

[Event "Top20"]
[Site "?"]
[Date "2001.12.01"]
[Round "4"]
[White "Dzaferi, Asip"]
[Black "Deville, Olivier"]
[Result "1-0"]
[WhiteElo "2060"]
[BlackElo "2038"]
[PlyCount "37"]

1. e4 c5 2. d4 cxd4 3. Nf3 Nc6 4. c3 Nf6 5. e5 Nd5 6. Bc4 Nb6 7. Bb3 d5 8. exd6
Qxd6 9. O-O dxc3 10. Qxd6 exd6 11. Nxc3 Bg4 12. Ng5 Bh5 13. Nb5 Rd8 14. Nc7+
Ke7 15. Re1+ Kf6 16. Ne8+ Kf5 17. Bc2+ Kg4 18. h3+ Kh4 19. g3# 1-0